书目信息 |
| 题名: |
古汉语常用字字典
|
|
| 作者: | 王力 著 | |
| 分册: | ||
| 出版信息: | 北京 商务印书馆 2008.4 |
|
| 页数: | 569页 | |
| 开本: | 20cm | |
| 丛书名: | ||
| 单 册: | ||
| 中图分类: | H163 | |
| 科图分类: | ||
| 主题词: | 汉语--词典学 | |
| 电子资源: | ||
| ISBN: | 978-7-100-04285-7 | |
| 000 | 00661 nam 000241 | |
| 001 | 012000026136 | |
| 005 | 20130701094419.34 | |
| 010 | @a978-7-100-04285-7@dCNY32.00 | |
| 100 | @a20090923d2003 em y0chiy0121 ea | |
| 101 | @achi | |
| 102 | @aCN@b110000 | |
| 105 | @ay z 000yy | |
| 200 | 10 | @a古汉语常用字字典@9gu han yu chang yong zi zi dian@f王力等著@Fwang li den zhu |
| 205 | @a第4版 | |
| 210 | @a北京@c商务印书馆@d2008.4 | |
| 215 | @a569页@d20cm | |
| 540 | @a古汉语常用字字典 | |
| 606 | @a汉语@x词典学 | |
| 690 | @aH163@v4 | |
| 701 | 0 | @a王力@9wang li@4著 |
| 801 | @aCN@bCQULIB@c20020616 | |
| 901 | @a209106 | |
| 905 | @b931947-48@dH163@eW2531@f2 | |
| 古汉语常用字字典/王力等著.-第4版.-北京:商务印书馆,2008.4 |
| 569页;20cm |
| ISBN 978-7-100-04285-7:CNY32.00 |
| ● |
| 相关链接 |
|
|
|
正题名:古汉语常用字字典
索取号:H163/W2531
 
预约/预借
| 序号 | 登录号 | 条形码 | 馆藏地/架位号 | 状态 | 备注 |
| 1 | 491803 | 204918036 | 语言库209/209语言库 76排4列5层/ [索取号:H163/W2531] | 在馆 | |
| 2 | 931947 | 209319478 | 语言库209/209语言库 76排4列5层/ [索取号:H163/W2531] | 在馆 | |
| 3 | 931948 | 209319487 | 语言库209/209语言库 76排4列5层/ [索取号:H163/W2531] | 在馆 |